Llwytho...

Chemical Engineers ' Handbook.

Manylion Llyfryddiaeth
Prif Awdur: Perry, John H
Awduron Eraill: Perry, Robert H Chilton, Cecil H
Fformat: Printed Book
Iaith:English
Cyhoeddwyd: New York McGraw-Hill 1963
Rhifyn:4th ed.
Pynciau:
LEADER 00680nam a2200253 a 4500
001 adlib96000001
003 ViArRB
005 20151026131013.0
008 960221s1955 dcuabcdjdbkoqu001 0deng d
020
022
040 |a Adlib 
082 |a 66(02) 
245 |a Chemical Engineers ' Handbook. 
250 |a 4th ed. 
260 |a  New York  |b McGraw-Hill  |c 1963 
300
500 |a   
100 |a Perry, John H 
700 |a Perry, Robert H  |a Chilton, Cecil H 
942 |c REF  |6 _ 
653 |a Chemical engineering  |a Biotechnology 
999 |c 18307  |d 18307 
952 |0 0  |1 0  |4 0  |6 6602_PERR  |7 0  |9 29846  |a UL  |b UL  |d 2010-06-16  |o 66(02) PER R  |p G0001053  |r 2010-06-16  |w 2010-06-16  |y REF